| 000 | 00519nam a22002177a 4500 | ||
|---|---|---|---|
| 003 | LK-CoDNM | ||
| 005 | 20250115113454.0 | ||
| 008 | 250110b |||||||| |||| 00| 0 eng d | ||
| 040 |
_aLK-CoDNM _dLK-CoDNM _eLK-CoDNM |
||
| 041 | _aeng | ||
| 080 |
_a9v _bD6 |
||
| 100 | _aNuttall,hf | ||
| 245 | _aPARASITOLOGY | ||
| 250 | _aTHIRD | ||
| 260 |
_c1913-14 _aCambridge _buniversity press |
||
| 300 | _a430p. : ill ; map ; 20cm | ||
| 490 | _vvoll 6 | ||
| 650 | _aScience | ||
| 700 | _aShipley,AE | ||
| 942 | _cBK | ||
| 999 |
_c236227 _d236227 |
||